| 000 | 00353 a2200133 4500 | ||
|---|---|---|---|
| 001 | 92386 | ||
| 082 | _a297.4 AHM | ||
| 090 |
_c44354 _d44355 |
||
| 100 | _aAhmad Rafiq Akhtar, Prof | ||
| 245 |
_aPaishe khidmat rasool (PBUM) _cAhmed Rafiq Akhter, Prof |
||
| 260 |
_aLahore _bSange Meel Pub _c2015 |
||
| 300 | _a240 p. | ||
| 520 | _apesh khidmat e rasool | ||
| 942 |
_aCAE NUST _k297.4 AHM |
||
| 999 |
_c327459 _d327459 |
||